Statistics for Netherlands All-Time Greatest XI

Click here to take the quiz!

General Stats

  • This quiz has been taken 1,118 times
  • The average score is 7 of 11

Answer Stats

Answer% Correct
Edwin van der Sar
93%
Johan Cruyff
87%
Marco van Basten
85%
Ruud Gullit
84%
Arjen Robben
81%
Ronald Koeman
76%
Frank Rijkaard
67%
Frank De Boer
57%
Johan Neeskens
38%
Ruud Krol
26%
Wim Suurbier
14%

Score Distribution

Percentile by Number Answered

Percent of People with Each Score

Your Score History

You have not taken this quiz